|
|
|
|
| LEADER |
00000cam a2200000 a 4500 |
| 001 |
vtls001112455 |
| 003 |
SK-MaSNL |
| 005 |
20260301001513.0 |
| 008 |
240318s1978 xo a e 00000 slo |
| 015 |
|
|
|a SNBA1978
|
| 020 |
|
|
|q (brož.)
|
| 035 |
|
|
|a SNK000055298
|
| 040 |
|
|
|a SNK
|b slo
|c SNK
|e AACR2
|
| 041 |
0 |
|
|a slo
|
| 044 |
|
|
|a xo
|c SK
|
| 080 |
|
|
|a 342+347.77(075.8)
|2 1981
|
| 080 |
|
|
|a 347.77(075.8)
|2 1981
|
| 080 |
|
|
|a 331.1
|2 1981
|
| 080 |
|
|
|a 331.82(075.8)
|2 1981
|
| 100 |
1 |
|
|a Kollárik, František,
|d 1919-1991
|4 aut
|9 7258
|
| 245 |
1 |
0 |
|a Právo a bezpečnosť práce
|c František Kollárik, Oľga Kopšová
|
| 250 |
|
|
|a 1. vyd., 1. dotl.
|
| 260 |
|
|
|a Bratislava
|b Slovenská vysoká škola technická
|c 1978
|
| 300 |
|
|
|a 239 s.
|b tab.
|c 29 cm
|
| 366 |
|
|
|e 200 výt.
|
| 650 |
0 |
7 |
|a právo
|2 SNKPH
|9 976
|
| 650 |
0 |
7 |
|a bezpečnosť práce
|2 SNKPH
|9 1296
|
| 655 |
|
7 |
|a učebnice vysokých škôl
|2 SNKPH
|9 70191
|
| 700 |
1 |
|
|a Kopšová, Oľga,
|d 1940-
|4 aut
|9 212058
|
| 958 |
|
|
|a OND
|
| 999 |
|
|
|c 535049
|d 536979
|
| 952 |
|
|
|a SNK
|b SNK
|y PREZ
|7 0
|p 17A0967510
|o snkSB 26424
|i snkKSP 2507/78
|0 0
|1 0
|4 0
|d 2014-07-03
|f 1
|l 0
|r 2026-02-23 12:22:31
|w 2026-02-23
|
| 952 |
|
|
|a SNK
|b SNK
|y VYP
|7 0
|o snkSB 26424 D1
|i snkKSP 2508/78
|0 0
|1 0
|4 0
|d 2014-07-03
|l 0
|r 2026-02-23 12:22:31
|w 2026-02-23
|